Tottenham Hotspur 2010's Starting XI - Statistics

General Stats
  • This quiz has been taken 8,088 times
    7,488 since last reset
  • The average score is 25 of 46
Answer Stats
Player % Correct
Hugo Lloris
99%
Harry Kane
98%
Son Heung-min
98%
Christian Eriksen
96%
Jan Vertonghen
94%
Gareth Bale
88%
Toby Alderweireld
88%
Kyle Walker
85%
Luka Modric
80%
Mousa Dembélé
80%
Davidson Sanchez
78%
Ben Davies
77%
Emmanuel Adebayor
75%
Lucas Moura
75%
Danny Rose
74%
Dele Alli
74%
Victor Wanyama
73%
Kieran Trippier
70%
Erik Lamela
68%
Eric Dier
67%
Moussa Sissoko
66%
Jermain Defoe
50%
Clint Dempsey
49%
Benoît Assou-Ekotto
45%
Heurelho Gomes
45%
Rafael van der Vaart
45%
Brad Friedel
43%
Peter Crouch
43%
Roberto Soldado
42%
Nacer Chadli
38%
Paulinho
38%
Aaron Lennon
32%
Ledley King
32%
Vedran Corluka
28%
William Gallas
28%
Michael Dawson
27%
Federico Fazio
25%
Younès Kaboul
25%
Sandro
24%
Wilson Palacios
24%
Scott Parker
20%
Alan Hutton
18%
Ryan Mason
18%
Tom Huddlestone
18%
Sébastien Bassong
17%
Steven Caulker
14%
No matching quizzes found
Score Distribution
Percent of People with Each Score
Percentile by Number Answered
Your Score History
You have not taken this quiz since the last reset